LDR 01237naa#a2200193#i#450# 001 RU\\bibl\19961 005 20260701233744.3 100 ## _a20260630b2026####ek#y0rusy0150####ca 102 ## _aRU 200 1# _aМАТЕМАТИЧЕСКИЙ АНАЛИЗ И ИНТЕРПРЕТАЦИЯ РЕЗУЛЬТАТОВ РАБОТЫ ПО ФОРМИРОВАНИЮ НАВЫКОВ ПРЕДОТВРАЩЕНИЯ ТРАВМАТИЗМА У ОБУЧАЮЩИХСЯ ОБРАЗОВАТЕЛЬНОЙ ОРГАНИЗАЦИИ _eСтатья/тезисы конференции 210 1# _aВоронеж _cВоронежский государственный лесотехнический университет имени Г.Ф. Морозова _d2026 215 ## _a6 с. 608 ## _aСтатья/тезисы конференции _2local 675 ## _aТрадиционные (большей частью печатные) учебные пособия и учебники. 371.67 _aПредотвращение несчастных случаев. Защита и безопасность. 614.8.084 _z 700 #1 _aКоротков _gМ. А. 700 #1 _aГорюнов _gВ. А. 700 #1 _aСазонова _gС. А. 700 #1 _aДронов _gД. И. 856 4# _abibl.vgltu.ru _u